000 00725nam a2200205Ii 4500
003 JO-AjNU
008 230606s9999||||xx |||||||||||||| ||und||
020 _a978-0-07-022472-8 / 0-07-022472-2
040 _aJO-AjNU
_beng
_erda
_cJO-AjNU
041 _aeng
050 1 4 _aHG4661.B768 2002
100 3 _aBrown,David L / Kassandra Bentley,
_eauthor
_91503
245 0 0 _aAll About Stock Market Strategies: The Easy Way to Get Started
264 3 1 _aNew Delhe : Tata Mc Graw Hill Publishing company Limited,2002
300 _a249P
_bIncludes appendix glossary indexes(p211-249)
336 _atext
_btxt
_2rdacontent
337 _aunmediated
_bn
_2rdamedia
338 _avolume
_bnc
_2rdacarrier
650 4 _aMarket Strategies
_91504
999 _aE791
_c791
_d791